| Поле | Инд. | ПП | Название | Значение |
|---|---|---|---|---|
| Тип записи | a | |||
| Библиографический уровень | m | |||
| 001 | Контрольный номер | RU/LIBMSTU/406648402 | ||
| 005 | Дата корректировки | 20240418143038.1 | ||
| 008 | Кодируемые данные | 121126|||||||||ru |||||||||||000|||rus|| | ||
| 020 | a | ISBN | 978-5-4222-0138-9 | |
| 040 | b | Код языка каталог. | rus | |
| 041 | 0_ | a | Код языка текста | rus |
| 084 | a | Индекс другой классификации/Индекс ББК | 60.54+60.56 | |
| 090 | a | Полочн. индекс | 60.5 | |
| x | Авторский знак | П 84 | ||
| 245 | 10 | a | Заглавие | Профессиональное самоопределение учащейся молодежи Мурманской области |
| b | Продолж. заглавия | (по материалам социол. исслед.) : коллективная монография | ||
| c | Ответственность | М-во образования и науки Рос. Федерации, Мурман. гос. гуманитар. ун-т ; [науч. ред. Л. И. Геращенко] | ||
| 260 | a | Место издания | Мурманск | |
| b | Издательство | Изд-во МГГУ | ||
| c | Дата издания | 2011 | ||
| 300 | a | Объем | 143 с. | |
| 500 | a | Примечание | Имеется электрон. аналог 2011 г. | |
| 504 | a | Библиография | Библиогр.: с. 135-143 | |
| 650 | 04 | a | Основная рубрика | Молодежь-Профессиональная ориентация-Мурманская область-Научно-практические конференции |
| 650 | 14 | a | Основная рубрика | Молодежь-Социологические исследования-Научно-практические конференции |
| 653 | 0_ | a | Ключевые слова | Исследования социологические; Конференции научно-практические; МГГУ; Молодежь; Молодежь Мурманской области; Мурманский государственный гуманитарный университет; Профессиональное обучение; Профессиональное самоопределение; Социокультурная трансформация |
| a | Ключевые слова | Монографии | ||
| 700 | 12 | a | Другие авторы | Геращенко Л. И. |
| e | Роль лиц | ред. | ||
| 901 | t | Тип документа | m | |
| 952 | c | Вид литературы | монография |